[Event "USA-ch Junior Girls 2018"]
[Site "Saint Louis"]
[Date "2018.07.21"]
[Round "9"]
[White "Matus, Nastassja"]
[Black "Nguyen, Emily"]
[Result "0-1"]
[WhiteElo "1960"]
[BlackElo "2215"]
[Annotator "RC"]
[PlyCount "88"]
[EventDate "2018.07.12"]
[EventType "tourn"]
[EventCountry "USA"]
[SourceTitle "playchess.com"]
[Source "ChessBase"]
[SourceQuality "1"]
[TimeControl "40/5400+30:1800+30"]

1. d4 {[%emt 0:00:00]} d5 {[%emt 0:00:10]} 2. Bf4 {[%emt 0:00:00]} c5 {[%emt 0:00:11]} 3. e3 {[%emt 0:00:00]} Nc6 {[%emt 0:00:37]} 4. Nf3 {[%emt 0:00:31]} Nf6 {[%emt 0:00:13]} 5. Nbd2 {[%emt 0:00:23]} Bg4 {[%emt 0:00:50]} 6. c3 {[%emt 0:02:15]} e6 {[%emt 0:00:16]} 7. Be2 {[%emt 0:00:45]} Bd6 {[%emt 0:04:54]} 8. Ne5 {[%emt 0:11:23]} Bxe2 {[%emt 0:02:25]} 9. Qxe2 {[%emt 0:00:08]} Qc7 {[%emt 0:02:02]} 10. Nxc6 {[%emt 0:12:35]} Bxf4 {[%emt 0:05:35]} 11. Nxa7 {[%emt 0:12:42]} Rxa7 {[%emt 0:00:50]} 12. exf4 {[%emt 0:00:08]} cxd4 {[%emt 0:01:55]} 13. cxd4 {[%emt 0:00:37]} Qxf4 {[%emt 0:03:44]} 14. Qb5+ {[%emt 0:07:15]} Nd7 {[%emt 0:00:49]} 15. Nf3 {[%emt 0:02:24]} Qe4+ {[%emt 0:02:21]} 16. Kd2 {[%emt 0:07:55]} Qf4+ {[%emt 0:01:18]} 17. Ke2 {[%emt 0:01:12]} Qe4+ {[%emt 0:02:15]} 18. Kd2 {[%emt 0:00:10]} b6 {[%emt 0:00:28]} 19. Rhc1 {[%emt 0:06:25]} O-O {[%emt 0:01:01]} 20. Qd3 {[%emt 0:04:10]} Qf4+ {[%emt 0:04:03]} 21. Qe3 {[%emt 0:00:16]} Qd6 {[%emt 0:00:09]} 22. a3 {[%emt 0:00:59]} b5 {[%emt 0:03:10]} 23. Qc3 {[%emt 0:11:36]} g6 {[%emt 0:18:33]} 24. g3 {[%emt 0:02:53]} Rfa8 {[%emt 0:02:29]} 25. Rab1 {[%emt 0:02:49]} Nb6 {[%emt 0:02:21]} 26. Qc5 {[%emt 0:02:01]} Qb8 {[%emt 0:00:09]} 27. Ne5 {[%emt 0:01:23]} Qb7 {[%emt 0:06:46]} 28. Ke2 {[%emt 0:03:05]} Nc4 {[%emt 0:01:09]} 29. Nxc4 {[%emt 0:02:10]} bxc4 {[%emt 0:08:49]} 30. h3 {[%emt 0:05:24]} Ra5 {[%emt 0:01:26]} 31. Qd6 {[%emt 0:00:21]} Rb5 {[%emt 0:00:06]} 32. Rc2 {[%emt 0:00:52]} Rb3 {[%emt 0:00:26]} 33. h4 {[%emt 0:00:57]} c3 {[%emt 0:03:10]} 34. Qc5 {[%emt 0:00:18]} Qa6+ {[%emt 0:01:56]} 35. Ke3 {[%emt 0:00:10]} Rc8 {[%emt 0:00:16]} 36. Rxc3 {[%emt 0:00:44]} Rxc3+ {[%emt 0:00:39]} 37. bxc3 {[%emt 0:00:36]} Rxc5 {[%emt 0:00:05]} 38. dxc5 {[%emt 0:00:05]} Qxa3 {[%emt 0:00:28]} 39. Rb8+ {[%emt 0:00:44]} Kg7 {[%emt 0:00:04]} 40. Kd4 {[%emt 0:00:00]} Qa2 {[%emt 0:00:38]} 41. Ke3 {[%emt 0:10:57]} Qc4 {[%emt 0:00:20]} 42. Rc8 {[%emt 0:02:12]} Qxc3+ {[%emt 0:00:10]} 43. Ke2 {[%emt 0:00:09]} d4 {[%emt 0:00:11]} 44. c6 {[%emt 0:00:19]} d3+ {[%emt 0:00:03]} 0-1